នាយខ្វាក់ នាយខ្វិន : (Record no. 8715)

MARC details
000 -LEADER
fixed length control field 02527nam a22003017a 4500
001 - CONTROL NUMBER
control field 8715
003 - CONTROL NUMBER IDENTIFIER
control field FISKH
005 - DATE AND TIME OF LATEST TRANSACTION
control field 20251013145907.0
008 - FIXED-LENGTH DATA ELEMENTS--GENERAL INFORMATION
fixed length control field 251013b cb ||||| |||| 00| 0 eng d
020 ## - INTERNATIONAL STANDARD BOOK NUMBER
International Standard Book Number 9789995088996
040 ## - CATALOGING SOURCE
Original cataloging agency FISKH
Language of cataloging khr
Transcribing agency FISKH
Modifying agency FISKH
082 ## - DEWEY DECIMAL CLASSIFICATION NUMBER
Classification number 895
100 ## - MAIN ENTRY--PERSONAL NAME
Personal name Sotheary , Kimsun
245 ## - TITLE STATEMENT
Title នាយខ្វាក់ នាយខ្វិន :
Remainder of title Khvak and Khven /
Statement of responsibility, etc. អ្នកស្រី គឹមស៊ុន សុធារី
260 ## - PUBLICATION, DISTRIBUTION, ETC.
Place of publication, distribution, etc. Phnom Penh :
Name of publisher, distributor, etc. Reading Books ,
Date of publication, distribution, etc. 2008.
300 ## - PHYSICAL DESCRIPTION
Extent 32​ pages :
Other physical details color illustrations ;
Dimensions 25 cm .
490 ## - SERIES STATEMENT
Series statement ពិភពរឿងនិទាន
505 ## - FORMATTED CONTENTS NOTE
Formatted contents note K <br/>
520 ## - SUMMARY, ETC.
Summary, etc. វាក់និងខ្វិនមានចៅហ្វាយផ្សេងគ្នា ។ ដោយសារតែចៅហ្វយរបស់គេចិត្តអក្រក់ពួកគេក៏លួចរត់ដោយ​ខ្វាក់ជិះ ក​ ខ្វិន ហើយខ្វិនជាអ្នកប្រាប់ផ្លូវអោយខ្វាក់ដើរ ។​ នៅតាមផ្លូវពួកគេក៏បានជួបសេនារបស់ស្តេចកំពុងប្រកាសស្វែងរកអ្នកដែលហ៊ានសម្លាប់យក្ស ។ ក្រោយពីការសម្លាប់យក្សរួច ខ្វាក់ក៏បានរៀបអភិសេកជាមួយនាងពៅតាមការសន្យារបស់ស្តេច ហើយឡើងសោយរាជ្យ ចំណែកខ្វិនបានក្លាយជាឩបរាជ ។
520 ## - SUMMARY, ETC.
Summary, etc. The blind man and the cripple had different masters. Because their masters were cruel, they decided to escape — with the blind man carrying the cripple on his back, and the cripple guiding the blind man along the way.<br/>On their journey, they encountered the king’s soldiers announcing a reward for anyone brave enough to kill a giant. After they succeeded in defeating the giant, the blind man married the princess, as promised by the king, and ascended the throne. The cripple was appointed as the royal advisor (or viceroy).
521 8# - TARGET AUDIENCE NOTE
Target audience note 510 <br/>
Source Lexile estimate <br/>
521 8# - TARGET AUDIENCE NOTE
Target audience note K <br/>
Source Raz-Plus <br/>
650 ## - SUBJECT ADDED ENTRY--TOPICAL TERM
Topical term or geographic name entry element ខ្វាក់ និងខ្វិន
Form subdivision រឿងនិទានកុមារ​
650 ## - SUBJECT ADDED ENTRY--TOPICAL TERM
Topical term or geographic name entry element Kvak and Kven
Form subdivision Children's Stories
700 ## - ADDED ENTRY--PERSONAL NAME
Personal name Ra B , Tha
Relator term Illustrator
942 ## - ADDED ENTRY ELEMENTS (KOHA)
Source of classification or shelving scheme Dewey Decimal Classification
Koha item type Khmer Books
Suppress in OPAC No
Holdings
Withdrawn status Lost status Source of classification or shelving scheme Damaged status Not for loan Collection Home library Current library Shelving location Date acquired Total Checkouts Full call number Barcode Date last seen Copy number Price effective from Koha item type
    Dewey Decimal Classification     Khmer-English Bilingual / ភាសាខ្មែរ-អង់គ្លេស Footprints International School Library Network Toul Tom Poung Campus Footprints International School Library Network Toul Tom Poung Campus TTP Primary Khmer Bookshelves 10/13/2025   SOT 895 FIS04985 10/13/2025 1 10/13/2025 Khmer Books
    Dewey Decimal Classification     Khmer-English Bilingual / ភាសាខ្មែរ-អង់គ្លេស Footprints International School Library Network Toul Tom Poung Campus Footprints International School Library Network Toul Tom Poung Campus TTP Primary Khmer Bookshelves 12/11/2025   SOT 895 2025-5111 12/11/2025 2 12/11/2025 Khmer Books